Normal view
MARC view
Entry Personal Name
001 - CONTROL NUMBER
- control field: 17757
003 - CONTROL NUMBER IDENTIFIER
- control field: BD-RjUL
005 - DATE AND TIME OF LATEST TRANSACTION
- control field: 20260222112829.0
008 - FIXED-LENGTH DATA ELEMENTS
- fixed length control field: 260222|| aca||aabn | a|a d
040 ## - CATALOGING SOURCE
- Original cataloging agency: BD-RjUL
- Transcribing agency: BD-RjUL
100 ## - HEADING--PERSONAL NAME
- Personal name: Bender, Kelly S.,
- Dates associated with a name: 1977-
670 ## - SOURCE DATA FOUND
- Source citation: Work cat.: (BD-RjUL)86190: Madigan, Michael T., 1949- 17756, Brock biology of microorganisms /